000 00467 a2200157 4500
999 _c6986
_d6986
020 _a9780198752530
050 0 0 _aBD111 LOW 2002
100 1 _aLowe, E. J.
245 1 2 _aA survey of metaphysics /
_cE.J. Lowe.
264 _aOxford:
_bOxford University Press,
_c2002
300 _axiii, 402 p. :
_bill. ;
500 _aIncludes index
504 _aIncludes bibliographical references (p. [386]-395) and index.
650 0 _aMetaphysics.
942 _2lcc
_cBK
_h111
_iLOW
_kBD